París era una fiesta

Gorde:
Xehetasun bibliografikoak
Egile nagusia: Hemingway, Ernest (Egilea)
Formatua: Liburua
Hizkuntza:gaztelania
Argitaratua: Santiago Seix Barral 1985
Edizioa:1a. ed
Saila:Literatura Contemporánea, 20
Gaiak:
Etiketak: Etiketa erantsi
Etiketarik gabe, Izan zaitez lehena erregistro honi etiketa jartzen!

MARC

LEADER 00000cam a2200000 a 4500
001 UCE9425
003 CL-VaPUC
008 151022e19850000cl |||||||||||||||||spa|d
082 0 4 |a 813  |b HEM  |2 21 
100 |a Hemingway, Ernest  |e author  |9 582258 
245 1 0 |a París era una fiesta 
250 |a 1a. ed 
300 |a 205 p 
942 |c BK 
945 |d 20151022 17:18:00  |a dcastane 
260 |a Santiago  |b Seix Barral  |c 1985 
650 7 |a NARRATIVA ESTADOUNIDENSE  |2 CL-VaPUC  |9 582259 
650 0 |a Novelas estadounidenses  |9 265217 
650 0 |a Literatura estadounidense  |9 317168 
583 |a last modification  |c 20151022 17:18:00  |k Rodrigo Vera 
490 0 |a Literatura Contemporánea, 20 
999 |c 361089  |d 361087 
952 |0 0  |1 0  |3 erb  |4 0  |6 813_000000000000000_HEM_1985  |7 0  |8 C  |9 471412  |a BIBCUR  |b BIBCUR  |i 5205727  |l 1  |o 813 HEM 1985  |p 5205727  |q 2025-05-13  |r 2025-05-06  |s 2025-05-06  |w 2019-11-24  |y BK  |z Catalogado en:20151022  |k CAC